MARC details
| 000 -LEADER |
| fixed length control field |
02789cam a22003974a 4500 |
| 001 - CONTROL NUMBER |
| control field |
STB011000 |
| 003 - CONTROL NUMBER IDENTIFIER |
| control field |
OCoLC |
| 005 - DATE AND TIME OF LATEST TRANSACTION |
| control field |
20150127151353.0 |
| 008 - FIXED-LENGTH DATA ELEMENTS--GENERAL INFORMATION |
| fixed length control field |
090602s2010 paua b 001 0 eng |
| 010 ## - LIBRARY OF CONGRESS CONTROL NUMBER |
| LC control number |
2009022707 |
| 016 7# - NATIONAL BIBLIOGRAPHIC AGENCY CONTROL NUMBER |
| Record control number |
101506678 |
| Source |
DNLM |
| 020 ## - INTERNATIONAL STANDARD BOOK NUMBER |
| International Standard Book Number |
9780803618145 |
| 020 ## - INTERNATIONAL STANDARD BOOK NUMBER |
| International Standard Book Number |
9789746522458 |
| 035 ## - SYSTEM CONTROL NUMBER |
| System control number |
.b69164472 |
| 040 ## - CATALOGING SOURCE |
| Original cataloging agency |
DNLM/DLC |
| Transcribing agency |
DLC |
| Modifying agency |
YDX |
| -- |
NLM |
| -- |
TTS |
| -- |
YDXCP |
| -- |
IG# |
| -- |
OS2 |
| -- |
UtOrBLW |
| 042 ## - AUTHENTICATION CODE |
| Authentication code |
pcc |
| 049 ## - LOCAL HOLDINGS (OCLC) |
| Holding library |
OS2A |
| 050 10 - LIBRARY OF CONGRESS CALL NUMBER |
| Classification number |
RB 46.5 |
| Item number |
.St73 2010 |
| 100 1# - MAIN ENTRY--PERSONAL NAME |
| Personal name |
Stevens, Christine Dorresteyn. |
| 245 10 - TITLE STATEMENT |
| Title |
Clinical immunology & serology : |
| Remainder of title |
a laboratory perspective / |
| Statement of responsibility, etc |
Christine Dorresteyn Stevens. |
| 250 ## - EDITION STATEMENT |
| Edition statement |
3rd ed. |
| 260 ## - PUBLICATION, DISTRIBUTION, ETC. (IMPRINT) |
| Place of publication, distribution, etc |
Philadelphia, PA. : |
| Name of publisher, distributor, etc |
F.A. Davis, |
| Date of publication, distribution, etc |
c2010. |
| 300 ## - PHYSICAL DESCRIPTION |
| Extent |
xvi, [3] p. of plates, 454 pages : |
| Other physical details |
illustrations (some color) ; |
| Dimensions |
28 cm. |
| 504 ## - BIBLIOGRAPHY, ETC. NOTE |
| Bibliography, etc |
Includes bibliographical references and index. |
| 505 00 - FORMATTED CONTENTS NOTE |
| Title |
Introduction and natural immunity / |
| Statement of responsibility |
Christine Dorresteyn Stevens -- |
| Title |
The lymphoid system / |
| Statement of responsibility |
Christine Dorresteyn Stevens -- |
| Title |
Nature of antigens and major histocompatibility complex / |
| Statement of responsibility |
Christine Dorresteyn Stevens -- |
| Title |
Antibody structure and function / |
| Statement of responsibility |
Christine Dorresteyn Stevens -- |
| Title |
Cytokines / |
| Statement of responsibility |
Timothy Stegall -- |
| Title |
Complement system / |
| Statement of responsibility |
Christine Dorresteyn Stevens -- |
| Title |
Safety and specimen preparation / |
| Statement of responsibility |
Susan King Strasinger and Christine Dorresteyn Stevens -- |
| Title |
Precipitation reactions / |
| Statement of responsibility |
Christine Dorresteyn Stevens -- |
| Title |
Agglutination / |
| Statement of responsibility |
Christine Dorresteyn Stevens -- |
| Title |
Labeled immunoassays / |
| Statement of responsibility |
Christine Dorresteyn Stevens -- |
| Title |
Molecular diagnostic techniques / |
| Statement of responsibility |
Susan M. Orton -- |
| Title |
Flow cytometry and laboratory automation / |
| Statement of responsibility |
Susan M. Orton -- |
| Title |
Hypersensitivity / |
| Statement of responsibility |
Christine Dorresteyn Stevens -- |
| Title |
Autoimmunity / |
| Statement of responsibility |
Christine Dorresteyn Stevens -- |
| Title |
Immunoproliferative diseases / |
| Statement of responsibility |
Donald C. Lehman and Maureane Hoffman -- |
| Title |
Immunodeficiency disease / |
| Statement of responsibility |
Thomas S. Alexander and Maureane Hoffman -- |
| Title |
Transplantation immunology / |
| Statement of responsibility |
John L. Schmitz -- |
| Title |
Tumor immunology / |
| Statement of responsibility |
Diane L. Davis -- |
| Title |
Serologic and molecular detection of bacterial infections / |
| Statement of responsibility |
Dorothy J. Fike and Christine Dorresteyn Stevens -- |
| Title |
Serology of parasitic and fungal infections / |
| Statement of responsibility |
Patsy C. Jarreau -- |
| Title |
Spirochete diseases / |
| Statement of responsibility |
Marc Golightly, Candace Golightly, and Christine Dorresteyn Stevens -- |
| Title |
Serology and molecular detection of viral infections / |
| Statement of responsibility |
Linda E. Miller -- |
| Title |
Laboratory diagnosis of HIV infection / |
| Statement of responsibility |
Linda E. Miller. |
| 650 #0 - SUBJECT ADDED ENTRY--TOPICAL TERM |
| Topical term or geographic name as entry element |
Immunodiagnosis |
| Form subdivision |
Laboratory manuals. |
| 650 #0 - SUBJECT ADDED ENTRY--TOPICAL TERM |
| Topical term or geographic name as entry element |
Serodiagnosis |
| Form subdivision |
Laboratory manuals. |
| 650 #0 - SUBJECT ADDED ENTRY--TOPICAL TERM |
| Topical term or geographic name as entry element |
Clinical immunology. |
| 650 ## - SUBJECT ADDED ENTRY--TOPICAL TERM |
| Topical term or geographic name as entry element |
Immunity |
| General subdivision |
physiology. |
| 650 ## - SUBJECT ADDED ENTRY--TOPICAL TERM |
| Topical term or geographic name as entry element |
Immune System Diseases |
| General subdivision |
diagnosis. |
| 650 ## - SUBJECT ADDED ENTRY--TOPICAL TERM |
| Topical term or geographic name as entry element |
Immunologic Techniques. |
| 650 ## - SUBJECT ADDED ENTRY--TOPICAL TERM |
| Topical term or geographic name as entry element |
Immunologic Tests. |
| 650 ## - SUBJECT ADDED ENTRY--TOPICAL TERM |
| Topical term or geographic name as entry element |
Serologic Tests. |
| 740 ## - ADDED ENTRY--UNCONTROLLED RELATED/ANALYTICAL TITLE |
| Uncontrolled related/analytical title |
Clinical immunology and serology. |
| 942 ## - ADDED ENTRY ELEMENTS (KOHA) |
| Source of classification or shelving scheme |
Library of Congress Classification |
| Koha item type |
Books |